| 000 | 01952nam a2200265Ii 4500 | ||
|---|---|---|---|
| 008 | 221202s xx 000 0 und d | ||
| 245 | 0 | _aDesigns for Experimentation and Inquiry | |
| 246 | _aApproaching Learning and Knowing in Digital Transformation | ||
| 264 |
_bTaylor & Francis _c2019 |
||
| 300 | _a1 online resource | ||
| 336 |
_atext _btxt _2rdacontent |
||
| 337 |
_acomputer _bc _2rdamedia |
||
| 338 |
_aonline resource _bcr _2rdacarrier |
||
| 520 | _aDesigns for Experimentation and Inquiry examines how digital media is reconfiguring the established worlds of research, education and professional practice. It reflects on the theoretical, methodological and ethical issues shaping contemporary engagements with digital learning and offers insights for both analysing and intervening in digital learning practices. This insightful volume fills a gap in the current literature by bringing together experiences from Sociocultural Studies of Learning, Science and Technology Studies, and Design Studies. Each chapter is an innovative case study, examining a different aspect of digital media's role in research, education and professional practice by exploring topics such as: Learning practices and digitalized dialogue Digital design experiments Digitally mediated collaborations Ethical digital inquiry and design Expertly researched and written, this book is a unique resource for scholars, researchers and professionals working in the fields of digital design, applied technology and the learning sciences. | ||
| 653 | _aDigital Learning | ||
| 653 | _aDigital Media | ||
| 653 | _aDigital Transformation | ||
| 653 | _aEarli | ||
| 653 | _aEducation | ||
| 700 | 1 | _aElam, Mark | |
| 700 | 1 | _aMäkitalo, Åsa | |
| 700 | 1 | _aNicewonger, Todd E. | |
| 856 |
_uhttps://docs.google.com/spreadsheets/d/1yKIrdCPDAG_9c22mwoOIO2DOhtj65Wqa/edit?usp=sharing&ouid=106555315294820607512&rtpof=true&sd=true _yList of Curated E-Books |
||
| 942 | _cE-BOOK | ||
| 999 |
_c92817 _d92814 |
||